| 000 | 01557nam a2200181 4500 | ||
|---|---|---|---|
| 999 |
_c3385 _d3385 |
||
| 020 | _a8120309812 | ||
| 050 |
_aHD31 _b.S6963 |
||
| 100 | _aStoner, James A. F. | ||
| 245 |
_aManagement / _cJames A. F. Stoner, R. Edward Freeman, Daniel A. Gilbert |
||
| 250 | _a6th | ||
| 260 |
_aNew Delhi _bPrentice Hall of India _c1995 |
||
| 300 |
_axxv, various pagings : _bill.; _c27cm |
||
| 500 | _aIncludes index | ||
| 505 | _aPart 1. Introduction to management -- Chapter 1. Managing and Managers Chapter 2. The evolution of management theory Part 2. Management in the 21st century -- Chapter 3. Organizational and Natural Environments Chapter 4. Social Responsibility and Ethics Chapter 5. Globalization and Managment Chapter 6. Inventing and Reinventing Organizations Chapter 7. Culture and Multiculturalism Chapter 8. Quality Part 3. Planning -- Chapter 9. Decision Making Chapter 10. Planning and Strategic Management Chapter 11. Strategy Implementation Part 4. Organizing -- Chapter 12. Organizational Design and Organizational Structure Chapter 13. Power and the Distribution of Authority Chapter 14. Human Resource Management Chapter 15. Managing Organizational Change and Innovation Part 5. Leading -- Chapter 16. Motivation Chapter 17. Leadership Chapter 18. Teams and Teamwork Chapter 19. Communication and Negotiating Part 6. Controlling. Chapter 20. Effective control Chapter 21. Operations Management Chapter 22. Information Systems | ||
| 700 | _aFreeman, R. Edward | ||
| 700 | _aGilbert, Daniel A. | ||
| 942 | _cBK | ||